Estadísticas para Presidentes del Partido Acción Nacional - PAN (México)

Haz click aquí para tomar la prueba!

Estadísticas generales

  • Esta prueba ha sido tomada 5 veces
  • La puntuación promedio es 8 de 22

Estadísticas de respuestas

PeriodoPresidente% Correcto
1939-1949Manuel Gómez Morín
75%
1996-1999Felipe Calderón Hinojosa
75%
2010-2014 / 2014 / 2015Gustavo Madero Múñoz
50%
2007-2009Germán Martínez Cázares
50%
1984-1987Pablo Emilio Madero
50%
2015-2016 / 2016-actualRicardo Anaya Cortés
50%
1962-1968Adolfo Christlieb Ibarrola
25%
2014Cecilia Romero Castillo
25%
1956-1959Alfonso Ituarte Servín
25%
2009-2010César Nava Vázquez
25%
1959-1962José González Torres
25%
2005-2007Manuel Espino Barrientos
25%
1999-2005Luis Felipe Bravo Mena
25%
1968-1969Ignacio Limón Maurer
25%
1969-1972 / 1975-1978Manuel González Hinojosa
25%
1987-1993Luis H. Álvarez
25%
1949-1956Juan Gutiérrez Lascuraín
25%
1978-1984Abel Vicencio Tovar
25%
1975Raúl González Schmall
25%
1975Efraín González Morfín
25%
1972-1975José Ángel Conchello
25%
1993-1996Carlos Castillo Peraza
25%

Distribución de puntuación

Porcentaje por número respondido

Porcentaje de gente con cada puntuación

Historial de tus puntuaciones

No has tomado esta prueba